000
00339nam a2200133Ia 4500
008
190723s9999 xx 000 0 und d
020
_a
978-93-325-5659-1
100
_a
Mark J. Guzdial
245
0
_a
Introduction to computing and programming in Python
250
_a
4th
260
_a
India
_b
Pearson
_c
2016
300
_a
499.:P
942
_c
BK
999
_c
1826
_d
1826